Unshakeable : (Record no. 4966)

000 -LEADER
fixed length control field 00641nam a2200217 a 4500
005 - DATE AND TIME OF LATEST TRANSACTION
control field 20230130160431.0
008 - FIXED-LENGTH DATA ELEMENTS--GENERAL INFORMATION
fixed length control field 230130t2019 m ||||| |||| 00| 0 eng d
020 00 - INTERNATIONAL STANDARD BOOK NUMBER
International Standard Book Number 9789832423584
040 ## - CATALOGING SOURCE
Original cataloging agency AKMAL
082 ## - DEWEY DECIMAL CLASSIFICATION NUMBER
Classification number 158.1 AIM
090 00 - LOCALLY ASSIGNED LC-TYPE CALL NUMBER (OCLC); LOCAL CALL NUMBER (RLIN)
Classification number (OCLC) (R) ; Classification number, CALL (RLIN) (NR) 158.1
Local cutter number (OCLC) ; Book number/undivided call number, CALL (RLIN) AIM
100 ## - MAIN ENTRY--PERSONAL NAME
Personal name Aiman Azlan
9 (RLIN) 9490
245 10 - TITLE STATEMENT
Title Unshakeable :
Remainder of title how to be confident when you're nervous
Statement of responsibility, etc. Aiman Azlan
250 00 - EDITION STATEMENT
Edition statement Fourth edition
260 00 - PUBLICATION, DISTRIBUTION, ETC.
Place of publication, distribution, etc. Selangor :
Name of publisher, distributor, etc. IMAN Publication Sdn Bhd,
Date of publication, distribution, etc. 2019
300 ## - PHYSICAL DESCRIPTION
Extent 247ms. :
Other physical details ill. ;
Dimensions 21cm
650 00 - SUBJECT ADDED ENTRY--TOPICAL TERM
Topical term or geographic name entry element Self
General subdivision confidence
9 (RLIN) 9491
650 00 - SUBJECT ADDED ENTRY--TOPICAL TERM
Topical term or geographic name entry element Confidence
9 (RLIN) 9492
650 00 - SUBJECT ADDED ENTRY--TOPICAL TERM
Topical term or geographic name entry element Self
General subdivision actualization (Psychology)
9 (RLIN) 9493
942 ## - ADDED ENTRY ELEMENTS (KOHA)
Source of classification or shelving scheme
Koha item type Book
Holdings
Withdrawn status Lost status Source of classification or shelving scheme Damaged status Not for loan Collection code Home library Current library Shelving location Date acquired Inventory number Total Checkouts Full call number Barcode Date last seen Date last checked out Price effective from Koha item type
          NON-FICTION AKMAL Melaka AKMAL Melaka PINJAMAN 30.01.2023 011517 1 158.1 AIM 201708141 25.03.2024 22.03.2024 30.01.2023 Book
Pusat Sumber Maklumat Dato' Haji Sarmin Md Hussin, Akademi Kastam Diraja Malaysia, Melaka
Tel: 06-2331106 | Faks: 06-2313787